Internationalisierung der Geldpolitik <Eine> Analyse internationaler Einflüsse auf die nationale Geldpolitik
Saved in:
| Main Author: | |
|---|---|
| Format: | Book |
| Language: | German |
| Published: |
Berlin
Duncker und Humblot
1996
|
| Edition: | 1. Aufl. |
| Series: | Veröffentlichungen des Instituts für Empirische Wirtschaftsforschung
Bd. 33 |
| Subjects: | |
| Tags: |
No Tags, Be the first to tag this record!
|
MARC
| LEADER | 00000nam a2200000 4500 | ||
|---|---|---|---|
| 001 | c017692 | ||
| 005 | 20221205125326.0 | ||
| 020 | |a 3-428-08523-X | ||
| 041 | 0 | |a ger | |
| 044 | |a DE | ||
| 245 | 1 | 0 | |a Internationalisierung der Geldpolitik |b <Eine> Analyse internationaler Einflüsse auf die nationale Geldpolitik |c Armin Rohde |
| 250 | |a 1. Aufl. | ||
| 264 | 1 | |a Berlin |b Duncker und Humblot |c 1996 | |
| 300 | |a 209 s. | ||
| 490 | 1 | |a Veröffentlichungen des Instituts für Empirische Wirtschaftsforschung |v Bd. 33 | |
| 830 | 0 | |a Veröffentlichungen des Instituts für Empirische Wirtschaftsforschung |v Bd. 33 | |
| 610 | 2 | 0 | |a politika peňažná |
| 610 | 2 | 0 | |a peniaze |
| 610 | 2 | 0 | |a trh peňažný |
| 610 | 2 | 0 | |a hospodárstvo národné |
| 610 | 2 | 0 | |a politika hospodárska |
| 610 | 2 | 0 | |a politika hospodárska medzinárodná |
| 610 | 2 | 0 | |a pohyb kapitálu |
| 610 | 2 | 0 | |a pohyby kurzové |
| 610 | 2 | 0 | |a mena |
| 610 | 2 | 0 | |a ceny |
| 610 | 2 | 0 | |a úrok |
| 610 | 2 | 0 | |a obchod medzinárodný |
| 610 | 2 | 0 | |a údaje štatistické |
| 610 | 2 | 0 | |a trh kapitálový |
| 610 | 2 | 0 | |a bilancie |
| 610 | 2 | 0 | |a financovanie |
| 610 | 2 | 0 | |a krajiny rozvojové |
| 610 | 2 | 0 | |a zadlženosť |
| 610 | 2 | 0 | |a koordinácia |
| 610 | 2 | 0 | |a Nemecko |
| 100 | 1 | |a Rohde, Armin | |